[Event "32nd Open"]
[Site "Sitges ESP"]
[Date "2006.07.22"]
[Round "2"]
[White "Vidarte Morales,A"]
[Black "Goris,T"]
[Result "1-0"]
[WhiteElo "2403"]
[BlackElo "2087"]

1.c4 e6 2.Nf3 Nf6 3.Nc3 c5 4.g3 d5 5.cxd5 Nxd5 6.Bg2 Nc6 7.O-O Be7 8.d4 O-O
9.Rb1 cxd4 10.Nxd4 Nxd4 11.Qxd4 Bf6 12.Qc4 Nb6 13.Qb3 Qe7 14.Be3 Bd7 15.Ne4 Ba4
16.Nxf6+ Qxf6 17.Qa3 Bc6 18.Bxc6 bxc6 19.Rbc1 Rfc8 20.Rfd1 Nd5 21.Bd4 e5
22.Bc5 Qe6 23.e4 Nf6 24.f3 Rd8 25.Qa5 Rd7 26.Bf2 h5 27.Rxd7 Nxd7 28.Qc7 Nf6
29.Qxc6 Qxc6 30.Rxc6 a6 31.h4 Ne8 32.Be1 f6 33.Kf2 Kf7 34.f4 exf4 35.gxf4 Kg6
36.Bc3  1-0

[Event "Sunny Pawn Open"]
[Site "Illichevsk UKR"]
[Date "2006.07.24"]
[Round "5"]
[White "Kosikov,An"]
[Black "Andrenko,I"]
[Result "1-0"]
[WhiteElo "2152"]
[BlackElo "1988"]

1.Nf3 c5 2.c4 Nf6 3.Nc3 g6 4.d4 cxd4 5.Nxd4 d6 6.e4 Bg7 7.Be2 Nc6 8.Be3 h5
9.h3 Qa5 10.O-O Nxd4 11.Bxd4 O-O 12.f4 e5 13.Be3 exf4 14.Bxf4 Qb6+ 15.Kh1 Qxb2
16.Na4 Qb4 17.Bd2 Qxd2 18.Qxd2 Nxe4 19.Qf4 f5 20.Rae1 Bd7 21.Bd1 Be5 22.Qh6 Ng3+
23.Kg1 Bd4+ 24.Kh2 Nxf1+ 25.Rxf1 Kf7 26.Bb3 Rh8 27.Qd2 Be5+ 28.Kh1 Bc6 29.Nb2 Be4
30.c5+ Kf6 31.cxd6 Rad8 32.Nc4 Rhe8 33.d7 Re7 34.Nxe5 Kxe5 35.Qc3+  1-0

[Event "Czech Open A"]
[Site "Pardubice CZE"]
[Date "2006.07.24"]
[Round "4"]
[White "Malykin,V"]
[Black "Kasparov,S"]
[Result "1/2-1/2"]
[WhiteElo "2370"]
[BlackElo "2491"]

1.Nf3 Nf6 2.c4 c5 3.Nc3 e6 4.e3 d6 5.d4 Be7 6.Bd3 O-O 7.O-O Nbd7 8.b3 a6
9.Bb2 b6 10.h3 Rb8 11.a4 Re8 12.d5 e5 13.Nd2 Bf8 14.f4 exf4 15.exf4 g6 16.Qc2 Bg7
17.Nce4 Nxe4 18.Nxe4 Nf6 19.Nxf6+ Bxf6 20.Rae1 Rxe1 21.Rxe1 Bd7 22.f5 g5
23.Bc3 Kg7 24.Bd2 Bd4+ 25.Kh2 Qf6 26.Bc1 h6 27.Kh1 Rh8 28.Re4 Re8 29.Rxe8 Bxe8
30.Qe2 Qe5 31.Qxe5+ Bxe5 32.g4 Kf6 33.h4 Bf4 34.Bb2+ Be5 35.Bc1 Bg3 36.Bb2+ Be5
37.Bc1  1/2-1/2

[Event "Czech Open A"]
[Site "Pardubice CZE"]
[Date "2006.07.24"]
[Round "4"]
[White "Espig,L"]
[Black "Carlsson,P"]
[Result "0-1"]
[WhiteElo "2359"]
[BlackElo "2453"]

1.Nf3 Nf6 2.c4 c5 3.Nc3 b6 4.g3 Bb7 5.Bg2 g6 6.b3 Bg7 7.Bb2 O-O 8.O-O Na6
9.Rc1 e6 10.d4 d5 11.cxd5 exd5 12.dxc5 Nxc5 13.Nd4 Qd7 14.Rc2 Rfe8 15.b4 Nce4
16.Ncb5 Re7 17.Rc7 Qd8 18.Nc6 Bxc6 19.Rxc6 Qe8 20.Qc1 Rd8 21.f3 Nd2 22.Bxf6 Bxf6
23.Rxf6 Nxf1 24.Nd6 Rxd6 25.Rxd6 Ne3 26.Bh3 Nc4 27.Rxd5 Rxe2 28.Bf1 Ne3 29.Rd2 Rxd2
30.Qxd2 Qe5 31.Kf2 Nf5 32.f4 Qf6 33.Bg2 h5 34.Be4 Nd6 35.Bd5 Qf5 36.Kg2 h4
37.Kf3 Qb1 38.Bb3 Nf5 39.Qd7 Qf1+ 40.Kg4 Qe2+ 41.Kh3 Qf1+ 42.Kg4 Qe2+ 43.Kh3 Nh6
44.Qd1 Qe7 45.Qf3 hxg3 46.hxg3 Qxb4 47.Qa8+ Kg7 48.Qxa7 Qe4 49.Kh2 Ng4+ 50.Kg1 Qe1+
51.Kg2 Qf2+  0-1

[Event "Dutch Open"]
[Site "Dieren NED"]
[Date "2006.07.25"]
[Round "1"]
[White "Drost,P"]
[Black "Rothuis,V"]
[Result "0-1"]
[WhiteElo "2118"]
[BlackElo "2354"]

1.Nf3 Nf6 2.c4 c5 3.Nc3 b6 4.g3 Bb7 5.Bg2 g6 6.O-O Bg7 7.Re1 Ne4 8.Nxe4 Bxe4
9.d3 Bb7 10.Rb1 O-O 11.Bd2 d5 12.cxd5 Bxd5 13.a3 a5 14.Bc3 Nc6 15.Bxg7 Kxg7
16.e3 e5 17.Qc2 Ra7 18.Qc3 f6 19.Red1 Rd7 20.Ne1 Rff7 21.Bxd5 Rxd5 22.Qc4 Rfd7
23.Kf1 Qb8 24.Rbc1 Qb7 25.Kg1 h5 26.Ng2 Nd8 27.h4 Ne6 28.a4 Nc7 29.Qb3 Na6
30.e4 R5d6 31.Rc3 Nb4 32.Ne3 Qb8 33.Ng2 Qd8 34.Ne1 Rd4 35.f3 R7d6 36.Nc2 Rxd3
37.Rdxd3 Nxd3 38.Ne3 Nb4  0-1

[Event "Czech Open B1"]
[Site "Pardubice CZE"]
[Date "2006.07.25"]
[Round "5"]
[White "Tolstikh,N"]
[Black "Jirasek,P"]
[Result "1-0"]
[WhiteElo "2406"]
[BlackElo "2177"]

1.Nf3 Nf6 2.c4 e6 3.Nc3 c5 4.g3 b6 5.Bg2 Bb7 6.O-O Be7 7.Re1 Ne4 8.Qc2 Nxc3
9.dxc3 O-O 10.e4 d6 11.Be3 Qc7 12.Nd2 Nc6 13.f4 Rad8 14.Kh1 Rfe8 15.Bg1 Qc8
16.Nf1 Bf8 17.Ne3 Qa8 18.Rad1 Re7 19.g4 Red7 20.Bf2 g6 21.Bh4 Be7 22.Bxe7 Nxe7
23.g5 Kg7 24.Ng4 Ng8 25.Qf2 h5 26.gxh6+ Nxh6 27.Nxh6 Kxh6 28.Rd3 Kg7 29.Rg3 Rh8
30.Kg1 Kf8 31.f5 gxf5 32.exf5 e5 33.f6 Bxg2 34.Qf5 Bh3 35.Qg5  1-0

[Event "10th Battle of Senta 1697 Open"]
[Site "Senta SCG"]
[Date "2006.07.25"]
[Round "6"]
[White "Katanic Vujic,P"]
[Black "Arsovic,Z"]
[Result "1/2-1/2"]
[WhiteElo "2293"]
[BlackElo "2441"]

1.Nf3 c5 2.c4 Nf6 3.Nc3 e6 4.g3 b6 5.Bg2 Bb7 6.O-O d6 7.d4 cxd4 8.Qxd4 a6
9.Be3 Nbd7 10.Nd2 Bxg2 11.Kxg2 Be7 12.Nde4 Qc7 13.Rfd1 O-O 14.Nxd6 Rfd8 15.b4 Qc6+
16.Kg1 a5 17.bxa5  1/2-1/2

[Event "Czech Open A"]
[Site "Pardubice CZE"]
[Date "2006.07.26"]
[Round "6"]
[White "Bogner,S"]
[Black "Litwak,A"]
[Result "1-0"]
[WhiteElo "2314"]
[BlackElo "2222"]

1.Nf3 Nf6 2.c4 e6 3.Nc3 c5 4.e4 Nc6 5.Be2 d5 6.exd5 exd5 7.d4 cxd4 8.Nxd4 dxc4
9.Be3 Bb4 10.Nxc6 Qxd1+ 11.Rxd1 bxc6 12.O-O Bxc3 13.bxc3 Be6 14.Bf3 Nd5 15.Bc5 O-O-O
16.Bxd5 cxd5 17.Bxa7 Kb7 18.Bd4 Ra8 19.Rb1+ Kc8 20.Rb2 Rd8 21.Bxg7 Rd6 22.a3 Rda6
23.Bf8 Kd7 24.Bb4 Bf5 25.f3 Re8 26.Kf2 Bd3 27.Ra1 Ra4 28.Re1 Rxe1 29.Kxe1 Ra6
30.Kf2 Re6 31.Bc5 Kc6 32.Bd4 Re8 33.a4 Ra8 34.Rb6+ Kc7 35.Rf6 Rxa4 36.Rxf7+ Kd6
37.Ra7 Rxa7 38.Bxa7 Ke6 39.g4 h5 40.Kg3 Kf6 41.Bd4+ Kg6 42.h3 Bf1 43.f4 Bd3
44.f5+ Kf7 45.Kh4 Bf1 46.Kxh5 Bxh3 47.Kg5 Ke7 48.Kf4 Bg2 49.g5 Be4 50.g6 Kf8
51.Kg5 Bd3 52.f6  1-0

[Event "10th Battle of Senta 1697 Open"]
[Site "Senta SCG"]
[Date "2006.07.26"]
[Round "7"]
[White "Miljkovic,Mir1"]
[Black "Stanojevic,B"]
[Result "1/2-1/2"]
[WhiteElo "2399"]
[BlackElo "2334"]

1.Nf3 Nf6 2.c4 e6 3.Nc3 c5 4.g3 b6 5.Bg2 Bb7 6.O-O Be7 7.Re1 d6 8.e4 Nbd7
9.d4 cxd4 10.Nxd4 Rb8 11.Ndb5 Ne5 12.Nxa7 Ra8 13.Nab5 O-O 14.b3 Qb8 15.Qe2 Rd8
16.h3 Nfd7 17.f4 Ng6 18.Be3 Nc5 19.Rad1 Bc6 20.Bf2 Bf6 21.Rd2 Be7 22.Red1 h6
23.Kh2 Kh7 24.h4 Kg8 25.Re1 Nf8 26.f5 Re8 27.fxe6 fxe6 28.Qg4 Ncd7 29.Bd4 Ne5
30.Bxe5 dxe5 31.Rf1 Bc5 32.Rd3 Bxb5 33.cxb5 Bd4 34.a4 Qc7 35.Ne2 Rad8 36.Rfd1 Bc5
37.Qf3 Qe7 38.Bh3 Rxd3 39.Qxd3 Qf6 40.Rf1 Rd8 41.Qc4 Qe7 42.Bg4 Rd2 43.Qc3 Qd6
44.Kh3 Rd3 45.Qc4 Rd2 46.Rb1 Rd1 47.Rxd1 Qxd1 48.Bf3 Qd6 49.Kg2 Kf7 50.Qc2 g6
51.Nc1 Qd4 52.Nd3 Nd7 53.Kh3 h5 54.Qc4 Qe3 55.Bg2 g5 56.hxg5 Qxg5 57.Nxc5 Nxc5
58.Qc2 Qe3 59.Qd1 Kg6 60.Qd6 h4 61.Qxe5 Qxg3+ 62.Qxg3+ hxg3 63.Kxg3 e5 64.Bf1 Nxb3
65.Bc4 Nc5 66.a5 bxa5 67.b6 Nxe4+ 68.Kf3 Nc5 69.Bd3+ Kf6 70.b7 Nd7 71.Ba6 Nb8
72.Bb5 Ke6 73.Ke4 Kd6 74.Be8 Na6 75.Ke3 Kd5 76.Bb5 Nb8 77.Ba4 Kc5 78.Ke4 Kb6
79.Kxe5 Kxb7 80.Kd5 Kb6 81.Kc4 Na6  1/2-1/2

[Event "10th Battle of Senta 1697 Open"]
[Site "Senta SCG"]
[Date "2006.07.26"]
[Round "7"]
[White "Jurcsak,A"]
[Black "Markovic,Dr2"]
[Result "1/2-1/2"]
[WhiteElo "2204"]
[BlackElo "2060"]

1.c4 Nf6 2.Nc3 c5 3.Nf3 g6 4.g3 Nc6 5.d4 cxd4 6.Nxd4 Bg7 7.Bg2 O-O 8.O-O Nxd4
9.Qxd4 d6 10.Qd2 a6 11.b3 Rb8 12.Rd1 Qc7 13.Bb2 Bd7 14.Rac1 Rfc8 15.h3 Bc6
16.Nd5 Bxd5 17.cxd5 Qd8 18.h4 Rxc1 19.Rxc1 Rc8 20.Rc2 Nd7 21.Bxg7 Kxg7 22.Bh3 Rc5
23.b4 Rxc2 24.Qxc2 Ne5 25.Qc3 f6 26.Qc8 Qb6 27.Qe8 f5 28.Qxe7+ Nf7 29.a3 h5
30.Bg2 a5 31.bxa5 Qxa5 32.Qxb7 Qxa3 33.e4 Qc1+ 34.Kh2 fxe4 35.Bxe4 Qe1 36.Qb2+ Ne5
37.f4 Qxe4 38.fxe5 dxe5 39.Qb7+  1/2-1/2

[Event "10th Battle of Senta 1697 Open"]
[Site "Senta SCG"]
[Date "2006.07.26"]
[Round "7"]
[White "Mirkovic,St"]
[Black "Zegarac,B"]
[Result "1/2-1/2"]
[WhiteElo "2214"]
[BlackElo "2283"]

1.Nf3 Nf6 2.c4 e6 3.Nc3 c5 4.d4 cxd4 5.Nxd4 Bb4 6.g3 Ne4 7.Qc2 Qa5 8.Bd2 Nxd2
9.Qxd2 Bxc3 10.bxc3 O-O 11.Bg2 Qc5 12.Qd3 Nc6 13.Nxc6 bxc6 14.Rb1 Ba6 15.Qxd7 Rac8
16.Qd4 Qxc4 17.Qxc4 Bxc4 18.Kd2 Rfd8+ 19.Ke3 Bxa2 20.Ra1 Bd5 21.Bf3 Bxf3
22.Kxf3 Rc7 23.Ra4 Kf8 24.Rha1 Rdd7 25.Rc4 Ke7 26.Ra6 Kd6 27.Rca4 Rb7 28.Ke3 h5
29.Kd3 Rdc7 30.Kc4 g6  1/2-1/2

[Event "Czech Open A"]
[Site "Pardubice CZE"]
[Date "2006.07.28"]
[Round "8"]
[White "Kolesar,Mil"]
[Black "Kutsankov,V"]
[Result "1-0"]
[WhiteElo "2253"]
[BlackElo "2366"]

1.Nf3 c5 2.c4 Nf6 3.Nc3 e6 4.g3 b6 5.Bg2 Bb7 6.O-O Be7 7.d4 cxd4 8.Qxd4 d6
9.b3 Nbd7 10.Nb5 Ne4 11.Ng5 Bf6 12.Nxe4 Bxd4 13.Nexd6+ Kf8 14.Nxb7 Qc8 15.Nxd4 Rb8
16.Ba3+ Kg8 17.Nc6  1-0

[Event "15th Open A"]
[Site "Vienna AUT"]
[Date "2006.08.01"]
[Round "4"]
[White "Loeffler,S"]
[Black "Bensch,P"]
[Result "1-0"]
[WhiteElo "2463"]
[BlackElo "2225"]

1.Nf3 Nf6 2.c4 g6 3.Nc3 c5 4.d4 cxd4 5.Nxd4 Nc6 6.e4 Nxd4 7.Qxd4 d6 8.c5 dxc5
9.Bb5+ Bd7 10.Qxc5 a6 11.Bxd7+ Qxd7 12.O-O Rc8 13.Qa7 Bg7 14.Rd1 Qc6 15.Bg5 h6
16.Bxf6 Bxf6 17.Nd5 O-O 18.e5 Rfd8 19.Nb6 Bxe5 20.Nxc8 Rxc8 21.g3 Qf3 22.Rd2 h5
23.Re1 Bd6 24.Qe3 Qf6 25.Qe4 Rc6 26.Re3 Rc7 27.Kg2 Kg7 28.Rc2 Rxc2 29.Qxc2 Be5
30.Qe4 Bxb2 31.Qxb7 Bd4 32.Rf3 Qd6 33.Rd3 Qf6 34.Qf3 Qe5 35.Ra3 a5 36.Rb3 Ba7
37.Qc3 Bd4 38.Qf3 Ba1 39.a4 Bd4 40.Rb5 Qc7 41.Qa8 Qc2 42.Qf3 Qxa4 43.Qd5 Bc3
44.Rb7 Qa3 45.Qd8 Qd6 46.Qxe7 Qxe7 47.Rxe7 Kf6 48.Rc7 Bb4 49.Kf3 Be1 50.Ke2 Bb4
51.Kd3 h4 52.gxh4 Ke6 53.Ra7 f6 54.Ke4 f5+ 55.Kd4 Kf6 56.Ra6+ Kg7 57.h5 gxh5
58.Ke5 Be1 59.f4  1-0

[Event "15th Open A"]
[Site "Vienna AUT"]
[Date "2006.08.04"]
[Round "7"]
[White "Kuciel,W"]
[Black "Jethan,M"]
[Result "0-1"]
[WhiteElo "2181"]
[BlackElo "2067"]

1.c4 Nf6 2.Nf3 c5 3.Nc3 e6 4.g3 b6 5.Bg2 Bb7 6.O-O d6 7.Re1 Ne4 8.Qc2 Nxc3
9.dxc3 Be7 10.e4 Qc7 11.Bf4 Nd7 12.Rad1 Ne5 13.Re2 O-O 14.Nxe5 dxe5 15.Bxe5 Qxe5
16.Rd7 Bc6 17.Rxe7 Qd6 18.e5 Qxe7 19.Bxc6 Rac8 20.Be4 g6 21.Qc1 Kg7 22.Bc2 Rfd8
23.Qe3 a6 24.h4 h5 25.Qe4 b5 26.cxb5 axb5 27.Re3 Rd2 28.Rf3 Rcd8 29.Rf6 R8d5
30.Rf4 Qc7 31.g4 Qxe5 32.Qf3 Rd7 33.Re4 hxg4 34.Qe3 Qf5 35.Rd4 Qxc2 36.Qe5+ f6
37.Qxe6 Qd1+  0-1

[Event "15th Open A"]
[Site "Vienna AUT"]
[Date "2006.08.04"]
[Round "7"]
[White "Solonar,S"]
[Black "Bensch,P"]
[Result "1-0"]
[WhiteElo "2346"]
[BlackElo "2225"]

1.Nf3 Nf6 2.c4 c5 3.Nc3 g6 4.e4 d6 5.d4 cxd4 6.Nxd4 Nc6 7.Be2 Nxd4 8.Qxd4 Bg7
9.Be3 O-O 10.Qd2 a6 11.f3 Bd7 12.O-O Qa5 13.c5 Be6 14.cxd6 Rfd8 15.Qe1 Rxd6
16.Rc1 Rc6 17.f4 Rac8 18.Bf3 R6c7 19.Qf2 Nd7 20.e5 b5 21.a3 b4 22.axb4 Qxb4
23.Nd5 Bxd5 24.Rxc7 Rxc7 25.Bxd5 e6 26.Bf3 Qb3 27.Bd4 Bf8 28.Rd1 Rc8 29.h3 a5
30.Kh1 Be7 31.Bc3 Nb6 32.Bxa5 Nd5 33.Qa7 Qa4 34.Qb7 Re8 35.Bd2 Nxf4 36.b3 Qd4
37.Qb5 Rd8 38.Bxf4 Qxf4 39.Rxd8+ Bxd8 40.Qe8+ Kg7 41.Qxd8  1-0

[Event "15th Open A"]
[Site "Vienna AUT"]
[Date "2006.08.04"]
[Round "7"]
[White "Khmelevskyi,S"]
[Black "Schulz,M2"]
[Result "0-1"]
[WhiteElo "2277"]
[BlackElo "2165"]

1.c4 c5 2.Nf3 Nf6 3.Nc3 g6 4.e4 d6 5.d4 cxd4 6.Nxd4 Nc6 7.Be2 Nxd4 8.Qxd4 Bg7
9.Qd1 O-O 10.O-O Be6 11.Bd2 Nd7 12.Kh1 a5 13.f3 Qb6 14.Rb1 Rfc8 15.Nd5 Bxd5
16.exd5 a4 17.Bc1 Ne5 18.b3 Nxc4 19.Bg5 axb3 20.Rxb3 Qc5 21.Rxb7 Rxa2 22.Rxe7 Ra1
23.Qc2 Rxf1+ 24.Bxf1 h6 25.Qxc4 Qxc4 26.Bxc4 hxg5 27.Bf1  0-1

[Event "FSIMB August"]
[Site "Budapest HUN"]
[Date "2006.08.05"]
[Round "1"]
[White "Farago,S"]
[Black "Nagy,Ben"]
[Result "0-1"]
[WhiteElo "2275"]
[BlackElo "2355"]

1.Nf3 c5 2.c4 Nf6 3.Nc3 b6 4.g3 Bb7 5.Bg2 e6 6.O-O Be7 7.Re1 d6 8.e4 Nbd7
9.d4 cxd4 10.Nxd4 Qc7 11.b3 a6 12.Bb2 O-O 13.Rc1 Rfe8 14.a3 Rac8 15.f4 Qb8
16.f5 Nc5 17.fxe6 fxe6 18.b4 e5 19.Nf5 Ne6 20.Nd5 Bf8 21.Nxf6+ gxf6 22.Qg4+ Kh8
23.Qh4 Ng5 24.Rc3 b5 25.Bc1 Rxc4 26.Rxc4 bxc4 27.Bxg5 fxg5 28.Qxg5 Qd8 29.Qxd8 Rxd8
30.Rc1 Rc8 31.Rc3 a5 32.b5 a4 33.Ne3 Rc5 34.b6 Bh6 35.Nxc4 Be3+ 36.Rxe3 Rxc4
37.Re1 Rc3 38.Rd1 Rc6 39.Rb1 Rc3 40.Bh3 Rb3 41.Rd1 Rxb6 42.Bf5 Kg7 43.g4 h6
44.h4 Kf6 45.Kh2 Ba6 46.Rg1 Rb2+ 47.Kh1 Bd3 48.g5+ hxg5 49.hxg5+ Kg7 50.Rg3 Rb3
51.Kh2 d5 52.Rh3 Bxe4 53.Rh7+ Kg8 54.Bxe4 dxe4 55.Re7 Rxa3 56.Rxe5 e3 57.Kg3 e2+
58.Kf4 Ra2 59.Kf5 Rb2 60.Kg6 Rb6+ 61.Kh5 Rb2 62.Kg6 Kf8 63.Kh7 a3 64.g6 Rb7+
65.Kh6 a2 66.Rf5+ Ke8 67.Re5+ Kd8 68.Rd5+ Ke7 69.g7 Rb8  0-1

[Event "Open"]
[Site "Genova ITA"]
[Date "2006.08.09"]
[Round "3"]
[White "Collareta,G"]
[Black "Ferretti,F"]
[Result "0-1"]
[WhiteElo "2098"]
[BlackElo "2254"]

1.c4 Nf6 2.Nf3 c5 3.Nc3 d5 4.cxd5 Nxd5 5.d4 Nxc3 6.bxc3 g6 7.e3 Bg7 8.Bd3 O-O
9.O-O Qc7 10.Ba3 Nd7 11.Rb1 b6 12.Be4 Rb8 13.Qa4 Nf6 14.Bd3 Bd7 15.Qa6 Bc6
16.Ne5 Bb7 17.Qxa7 Nd5 18.Ba6 Bxe5 19.dxe5 Bxa6 20.Qxa6 Nxc3 21.Rb3 Ne4 22.Rc1 Rfd8
23.e6 f6 24.f3 Ng5 25.e4 Rd2 26.g3 Qd8 27.Qc4 Nh3+ 28.Kh1 Rxa2 29.Bb2 Rba8
30.Qd5 Ng5 31.Rb1 Qc7 32.Rd3 c4 33.Qd7 Rc8 34.Rc3 Qxd7 35.exd7 Rd8 36.h4 Nf7
37.Rxc4 Rxd7 38.Rb4 Rd3 39.Rf1 Rd2 40.Rb1 Ne5 41.Bxe5 Rh2+ 42.Kg1 Rag2+ 43.Kf1 fxe5
44.Rxb6 Rxg3 45.Re6 Kf7 46.Rxe5 Kf6 47.f4 Rf3+ 48.Kg1 Rxf4 49.Rxe7 Rfxh4
50.Rbb7 h5 51.Rf7+ Kg5 52.Rb5+ Kh6 53.Re5 Re2 54.Rfe7 Rhh2 55.Rf7 h4 56.Re8 h3
57.Rf3 Reg2+  0-1

[Event "107th Annual US Open"]
[Site "Chicago USA"]
[Date "2006.08.11"]
[Round "7"]
[White "Izoria,Z"]
[Black "Cordova,Em"]
[Result "1/2-1/2"]
[WhiteElo "2660"]
[BlackElo "2434"]

1.Nf3 Nf6 2.c4 e6 3.Nc3 c5 4.e3 b6 5.d4 cxd4 6.exd4 Bb7 7.Bd3 Be7 8.O-O d5
9.cxd5 Nxd5 10.Ne5 O-O 11.Qh5 Nf6 12.Qh4 Ne4 13.Qh3 Qxd4 14.Nxf7 Rxf7 15.Bxe4 Bxe4
16.Qg4 Nc6 17.Qxe4 Qxe4 18.Nxe4 Rd8 19.Be3 Bf6 20.Rac1 Nb4 21.Rc4 Nd5 22.b3 Nxe3
23.fxe3 Be5 24.Rfc1 h6 25.Rc6 Re7 26.Kf2 Kf7 27.Ke2 Red7 28.h3 Ke7 29.g4 Rd5
30.Rc8 Rd1 31.R8c2 Rxc1 32.Rxc1 g5 33.b4 Rd5 34.a4 Kd7 35.Rh1 Bg7 36.h4 gxh4
37.Rxh4 Re5 38.Kf3 Kc6 39.Rh1 a6 40.Rc1+ Kd7 41.Nd2 b5 42.Ne4 bxa4 43.Nc5+ Kd8
44.Nxa4 Bf8 45.Nb2 h5 46.gxh5 Rxh5  1/2-1/2

[Event "Independence Cup A"]
[Site "Kyiv UKR"]
[Date "2006.08.13"]
[Round "1"]
[White "Goncharov,O"]
[Black "Solomaha,A"]
[Result "1/2-1/2"]
[WhiteElo "2193"]
[BlackElo "2323"]

1.Nf3 Nf6 2.c4 c5 3.Nc3 b6 4.g3 Bb7 5.Bg2 e6 6.O-O Be7 7.Re1 d6 8.e4 a6 9.d4 cxd4
10.Nxd4 Qc7 11.Be3 O-O 12.f4 Nbd7 13.Rc1 Rac8 14.f5 exf5  1/2-1/2

[Event "Open"]
[Site "Stare Mesto CZE"]
[Date "2006.08.13"]
[Round "4"]
[White "Vokac,M"]
[Black "Neumeier,L"]
[Result "1-0"]
[WhiteElo "2498"]
[BlackElo "2253"]

1.Nf3 Nf6 2.c4 c5 3.Nc3 e6 4.g3 b6 5.Bg2 Bb7 6.O-O Be7 7.Re1 Nc6 8.e4 e5
9.d3 O-O 10.Nh4 Ne8 11.Nf5 Bf6 12.Nd5 Nd4 13.Nxd4 cxd4 14.f4 Bxd5 15.exd5 d6
16.b4 exf4 17.Bxf4 g5 18.Bd2 Ng7 19.Qf3 Rc8 20.Bh3 Rc7 21.Bf5 Be5 22.a4 Qf6
23.Rf1 Qxf5 24.Qxf5 Nxf5 25.Rxf5 f6 26.Raf1 h6 27.Kg2 Kh7 28.b5 Kg6 29.Bb4 Rff7
30.h4 Rce7 31.Kh3 Rd7 32.Bd2 Rde7 33.R1f2 Rd7 34.Kg4 Rg7 35.h5+ Kh7 36.Rf1 Rdf7
37.Ra1 Rd7 38.a5 Rb7 39.a6 Rbc7 40.Re1 Rcd7 41.Re4 Rge7 42.Be1 Kg7 43.Bf2 Kf7
44.Rxd4 Kg7 45.Re4 Bc3 46.Kf3 Rxe4 47.Kxe4 Re7+ 48.Kf3 Kf7 49.g4 Re8 50.Be3 Kg7
51.Kf2 Kf7 52.Rf3 Bb2 53.Ke2 Bc1 54.Kf2 Bb2 55.Kf1 Kg7 56.Bf2 Kf7 57.Re3 Be5
58.d4  1-0

[Event "Open"]
[Site "Predeal ROM"]
[Date "2006.08.14"]
[Round "4"]
[White "Badea,B"]
[Black "Soltanici,R"]
[Result "1-0"]
[WhiteElo "2508"]
[BlackElo "2348"]

1.Nf3 c5 2.c4 Nf6 3.Nc3 e6 4.d4 cxd4 5.Nxd4 a6 6.Nc2 Qc7 7.e4 b6 8.Be3 d6
9.Be2 Bb7 10.f3 Be7 11.O-O O-O 12.Bf2 Nbd7 13.Ne3 Rac8 14.Qd2 Qb8 15.Rfd1 Rfe8
16.Bf1 Ne5 17.Rac1 g5 18.h3 Kh8 19.Ng4 Nfxg4 20.hxg4 Nxc4 21.Bxc4 Rxc4 22.Bxb6 Rec8
23.b3 R4c6 24.Be3 Qc7 25.Ne2 Rxc1 26.Rxc1 Qd8 27.Rxc8 Bxc8 28.Ng3 f6 29.Qc3 Kg8
30.Nh5 Kf7 31.Qc2 Kg8 32.a4 Bb7 33.Bd4 Kf7 34.b4 Qc8 35.Qd3 Qc6 36.b5 axb5
37.axb5 Qc1+ 38.Kh2 Qe1 39.Ng3 Qb4 40.Be3 Ke8 41.b6 h6 42.Nh5 Qe1 43.Bd2 Qa1
44.Bc3 Qa3 45.Qd4 e5 46.Qc4 Qc5 47.Ng7+ Kd7 48.Qe6+ Kc6 49.Qxe7 Kxb6 50.Be1  1-0

[Event "Jch-EST"]
[Site "Narva Joesuu EST"]
[Date "2006.08.15"]
[Round "1"]
[White "Zacurdajev,M"]
[Black "Soskov,V"]
[Result "1/2-1/2"]
[WhiteElo "2397"]
[BlackElo "2251"]

1.c4 c5 2.Nc3 e6 3.Nf3 Nf6 4.d4 cxd4 5.Nxd4 a6 6.g3 Qc7 7.Bg2 Nc6 8.O-O Be7
9.b3 b6 10.Nxc6 dxc6 11.Bb2 O-O 12.Qc2 e5 13.Ne4 Nd7 14.Rad1 f5 15.Nc3 Nc5
16.b4 Ne6 17.b5 e4 18.bxc6 Bc5 19.Nd5 Qxc6 20.g4 Nc7 21.Ne3 fxg4 22.Bxe4 Qh6
23.Be5 Ra7 24.Bg3 Bxe3 25.fxe3 Qxe3+ 26.Bf2 Qh6 27.Bxb6 Qxb6+ 28.c5 Rxf1+
29.Rxf1 Qh6 30.Bxh7+ Qxh7 31.Rf8+ Kxf8 32.Qxh7 Ne8 33.Qh8+ Ke7 34.Qh4+ Nf6
35.Qh8 Ne8 36.Qh4+ Nf6 37.Qg3 Rd7 38.c6 Rd6 39.Qe5+ Be6 40.Qc5 Ne8 41.e4 Kd8
42.Qg5+ Kc8 43.Qe7 Rd1+ 44.Kf2 Nc7 45.Qxg7 Rd8 46.a4 Rd6 47.Qf8+ Rd8 48.Qb4 Re8
49.Kg3 Rg8 50.Kf4 Rh8 51.Ke5 Re8 52.Kd6 Rd8+ 53.Ke5 Re8 54.Kd4 Rd8+ 55.Ke3 Re8
56.Qd6  1/2-1/2

[Event "16th Open"]
[Site "Abu Dhabi UAE"]
[Date "2006.08.16"]
[Round "5"]
[White "Allahverdiev,A"]
[Black "Magerramov,E"]
[Result "1/2-1/2"]
[WhiteElo "2435"]
[BlackElo "2530"]

1.c4 e6 2.Nc3 c5 3.Nf3 Nf6 4.g3 Nc6 5.Bg2 d5 6.cxd5 Nxd5 7.O-O Be7 8.d4 O-O
9.Nxd5 exd5 10.dxc5 Bxc5 11.Qc2 Bb6 12.Ng5 g6 13.Rd1 Qf6 14.Nf3 Bf5 15.Qb3 Rfe8
16.Bg5 Qg7 17.Qb5 h6 18.Bf4 Be4 19.a4 g5 20.Be3 Bxe3 21.fxe3 Re7 22.Ra3 Rae8
23.Rc3 Qf6 24.Rf1 Qg6 25.a5 d4 26.exd4 Bxf3 27.Bxf3 Nxd4 28.Qc4 Nxe2+ 29.Bxe2 Rxe2
30.Rcf3 R2e6 31.Rxf7 Qxf7 32.Rxf7 Kxf7 33.Kg2 a6 34.Qd5 Re7 35.Kf3 Kg6 36.Qd3+ Kg7
37.Kg4 Re2 38.h3 R2e4+ 39.Kf3 R4e5 40.Kg4 Re3 41.Qc2  1/2-1/2

[Event "Petrovskaja Ladja A1"]
[Site "Peterhof RUS"]
[Date "2006.08.16"]
[Round "5"]
[White "Mukhin,G"]
[Black "Valov,I"]
[Result "0-1"]
[WhiteElo "2340"]
[BlackElo "2270"]

1.Nf3 Nf6 2.c4 c5 3.Nc3 e6 4.e3 b6 5.d4 cxd4 6.exd4 Bb7 7.Bd3 Be7 8.O-O d5
9.cxd5 Nxd5 10.Bb5+ Bc6 11.Qa4 Qd7 12.Nxd5 Qxd5 13.Bxc6+ Nxc6 14.Be3 O-O
15.Rfc1 Rfc8 16.Qa6 Bd6 17.Rc3 Rc7 18.a3 Rac8 19.Rac1 Qa5 20.Qxa5 Nxa5 21.Rxc7 Rxc7
22.Rxc7 Bxc7 23.Nd2 Kf8 24.Kf1 Ke7 25.Ke2 f5 26.g3 Kd6 27.Bf4+ Kc6 28.Bxc7 Kxc7
29.Kd3 b5 30.b4 Nc6 31.Nb1 Kd6 32.Nc3 a6 33.h4 g6 34.Ke3 h6 35.Kd3 Ne7 36.Ne2 Nd5
37.Nc1 Nf6 38.f3 Nh5 39.Ne2 g5 40.hxg5 hxg5 41.Ke3 Kd5 42.Kd3 Kc6 43.Kc3 Kd5
44.Kd3 Kd6 45.Kc3 Nf6 46.Kd3 g4 47.fxg4 Nxg4 48.Nc3 Nf6 49.Nd1 Nh5 50.Nb2 Nxg3
51.a4 Nh5 52.axb5 axb5 53.Ke3 Kd5 54.Kd3 Nf4+ 55.Ke3 Ng2+ 56.Kf2 Kxd4 57.Kxg2 Kc3
58.Nd1+ Kxb4 59.Kf3 Kb3 60.Kf4 b4 61.Ke5 Kc2 62.Ne3+ Kd3 63.Nd1 b3 64.Kxe6 f4
65.Ke5 Kc2  0-1

[Event "Open"]
[Site "Stare Mesto CZE"]
[Date "2006.08.16"]
[Round "7"]
[White "Krizek,F"]
[Black "Schulz,Jo"]
[Result "0-1"]
[WhiteElo "2145"]
[BlackElo "2259"]

1.c4 Nf6 2.Nc3 c5 3.Nf3 e6 4.d4 cxd4 5.Nxd4 a6 6.e4 d6 7.Be2 Nbd7 8.O-O b6
9.Bg5 Bb7 10.Re1 h6 11.Bh4 Be7 12.Rc1 O-O 13.f3 Rc8 14.Bf2 Re8 15.Qd2 Ne5
16.b3 d5 17.exd5 exd5 18.Nf5 Bb4 19.Red1 Qd7 20.Ne3 dxc4 21.Qxd7 Nfxd7 22.bxc4 Nf6
23.Ned5 Nxd5 24.Nxd5 Bxd5 25.cxd5 b5 26.Rxc8 Rxc8 27.a4 Rc2 28.Kf1 bxa4 29.f4 Nd7
30.Bxa6 a3 31.Bd3 Rd2 32.Rxd2 Bxd2 33.Bc4 Bxf4 34.g3 Be5 35.Ke2 Kf8 36.Be1 Ke7
37.Bb4+ Bd6 38.Bc3 Be5 39.Bb4+ Bd6 40.Bc3 f6 41.Kd3 g6 42.Ba2 h5 43.Ke2 h4
44.Kf3 f5 45.Kg2 hxg3 46.hxg3 Nc5 47.Kf3 Ne4 48.Be1 Kf6 49.g4 Ng5+ 50.Kg2 fxg4
51.Bh4 Kf5  0-1

[Event "Open"]
[Site "Predeal ROM"]
[Date "2006.08.17"]
[Round "8"]
[White "Dobre,C"]
[Black "Barnaure,V"]
[Result "1/2-1/2"]
[WhiteElo "2237"]
[BlackElo "2426"]

1.Nf3 Nf6 2.c4 e6 3.Nc3 c5 4.d4 cxd4 5.Nxd4 Nc6 6.e3 Bb4 7.Bd2 O-O 8.Bd3 b6
9.O-O Bb7 10.a3 Be7 11.Nxc6 Bxc6 12.e4 d6 13.b4 Rc8 14.Kh1 d5 15.cxd5 exd5
16.e5 Ne4 17.f3 Nxd2 18.Qxd2 d4 19.Ne2 Qd5 20.Nxd4 Rfd8 21.Nf5 Bf8 22.Qg5 Qxd3  1/2-1/2

[Event "4th Staunton Mem"]
[Site "London/Crowthorne ENG"]
[Date "2006.08.18"]
[Round "5"]
[White "Werle,J"]
[Black "Adams,Mi"]
[Result "1/2-1/2"]
[WhiteElo "2531"]
[BlackElo "2732"]

1.Nf3 Nf6 2.c4 e6 3.Nc3 c5 4.g3 b6 5.Bg2 Bb7 6.O-O Be7 7.Re1 d5 8.cxd5 Nxd5
9.e4 Nb4 10.d4 cxd4 11.Nxd4 N8c6 12.Nxc6 Qxd1 13.Rxd1 Bxc6 14.Bf4 g5 15.Bd6 Rd8
16.e5 Bxg2 17.Kxg2 Bxd6 18.exd6 f5 19.Rac1 Kd7 20.Nb5 Rc8 21.Nxa7 Rxc1 22.Rxc1 Nd5
23.a3 Ra8 24.Nb5 Ra5 25.Nc7 Kxd6 26.b4 Ra4 27.Nb5+ Kd7 28.Kf3 Ra8 29.Ke2 h5
30.Kd3 f4 31.Re1 Nc7  1/2-1/2

[Event "Petrovskaja Ladja A1"]
[Site "Peterhof RUS"]
[Date "2006.08.18"]
[Round "8"]
[White "Markosian,D"]
[Black "Kosarev,D"]
[Result "0-1"]
[WhiteElo "2377"]
[BlackElo "2173"]

1.Nf3 Nf6 2.c4 c5 3.Nc3 b6 4.e4 d6 5.d4 cxd4 6.Nxd4 Bb7 7.Bd3 a6 8.O-O Nbd7
9.Qe2 g6 10.Bg5 Bg7 11.Rfd1 O-O 12.Rac1 Rc8 13.Bb1 Re8 14.b3 Qc7 15.Nd5 Qb8
16.Qd2 Ba8 17.Bh6 Bh8 18.f3 e6 19.Nc3 Bb7 20.Nde2 d5 21.cxd5 exd5 22.exd5 b5
23.d6 b4 24.Na4 Rxc1 25.Nxc1 Nd5 26.Bf5 Ne5 27.Be4 Ng4 28.fxg4 Rxe4 29.Re1 Rxe1+
30.Qxe1 Bc6 31.Qg3 Qe8 32.Nd3 Bd4+ 33.Kf1 Bb5 34.Qf3 Qe6 35.d7 Qxd7 36.Qe4 Nf6
37.Qa8+ Ne8 38.Qf3 Bg7 39.Nc5 Bxd3+ 40.Qxd3 Qxd3+ 41.Nxd3 Bxh6 42.Nxb4 Nc7
43.Ke2 Bf8 44.Nc6 Bd6 45.h3 Kf8 46.Kd3 Ke8 47.Na5 Kd7 48.Nc4 Kc6 49.Nd2 Ne6
50.Ke4 Nf4 51.Kf3 Nd5 52.Ne4 Be7 53.g5 Nb4 54.a4 Nd3 55.Kg4 Kd5 56.Nd2 Bb4
57.Nf1 Kd4 58.Ng3 Nc1 59.Kf3 Nxb3  0-1

[Event "VII Open"]
[Site "Tarragona ESP"]
[Date "2006.08.20"]
[Round "2"]
[White "Fontbona,M"]
[Black "Spraggett,K"]
[Result "0-1"]
[WhiteElo "2109"]
[BlackElo "2577"]

1.Nf3 c5 2.c4 Nf6 3.Nc3 e6 4.g3 b6 5.Bg2 Bb7 6.O-O Be7 7.Re1 d6 8.e4 Nbd7
9.d4 cxd4 10.Nxd4 Qc7 11.b3 O-O 12.f4 Rad8 13.Kh1 a6 14.Bb2 Rfe8 15.Rc1 Qb8
16.g4 g6 17.g5 Nh5 18.Qg4 Bf8 19.Nde2 Bg7 20.Rc2 b5 21.cxb5 axb5 22.Nxb5 Bxb2
23.Rxb2 Nc5 24.Ng3 Nd3 25.Re3 Nxg3+ 26.Rxg3 Nxb2 27.Nd4 Rc8  0-1